LEADER 01483nam a2200325 i 4500 001 991004123609707536 008 090131s2007 it a b 111 0 ita d 020 $a9788849514445 035 $ab13806324-39ule_inst 040 $aDip.to Filologia Class. e Scienze Filosofiche$bita 041 0 $aita$aeng$afre$ager$aspa 110 2 $aAccademia romanistica costantiniana$0240708 245 10$aAtti dell'Accademia romanistica costantiniana :$bXVI Convegno internazionale in onore di Manuel J. García Garrido /$c[a cura di G. Crifo e S. Giglio] 260 $aNapoli :$bEdizioni scientifiche italiane,$cc2007 300 $a652 p. :$b1 ill. ;$c24 cm 440 0$aPubblicazioni dell'Università degli studi di Perugia 500 $aIn testa al front.: Università degli studi di Perugia, Facoltà di giurisprudenza 504 $aContiene riferimenti bibliografici 546 $aTesti in italiano, inglese, tedesco e spagnolo 650 4$aDiritto romano$vCongressi 700 1 $aCrifò, Giuliano 700 1 $aGiglio, Stefano 700 1 $aGarcía Garrido, Manuel Jesús 710 2 $aUniversità di Perugia.$bFacoltà di giurisprudenza 907 $a.b13806324$b02-04-14$c30-01-09 912 $a991004123609707536 945 $aLE007 00 ARC 01$cv.16$g1$i2007000177174$lle007$op$pE60.00$q-$rl$s- $t0$u0$v0$w0$x0$y.i14924298$z02-02-09 996 $aAtti dell'Accademia romanistica costantiniana$9243398 997 $aUNISALENTO 998 $ale007$b30-01-09$cm$da $e-$fita$git $h0$i0